| 000 | 00499nam a2200169 4500 | ||
|---|---|---|---|
| 001 | 108675 | ||
| 003 | ES-MaACL | ||
| 005 | 20230906184702.0 | ||
| 007 | t| | ||
| 008 | 061121s1964 sp r ||||1| spa d | ||
| 100 | 1 |
_aMontagna, William. _982311 |
|
| 245 | 1 | 0 |
_aAnatomía comparada / _cWilliam Montagna; traducción de Miguel Fusté. |
| 260 |
_aBarcelona : _bOmega, _c1964. |
||
| 300 |
_a379 p. : _bil. ; _c23 cm. |
||
| 700 | 1 |
_aFusté Ara, Miguel. _9150522 |
|
| 852 |
_aES-MaACL _jC-26276 _bR.55333 |
||
| 999 |
_c108675 _d108675 |
||